Statistics for Manchester United Goalkeeper By Year

Click here to take the quiz!

General Stats

  • This quiz has been taken 767 times
    (341 since last reset)
  • The average score is 33 of 72

Answer Stats

SeasonGoalkeeper% Correct
2022-23David de Gea
99%
2020-21David de Gea
99%
2019-20David de Gea
99%
2018-19David de Gea
99%
2017-18David de Gea
99%
2016-17David de Gea
99%
2015-16David de Gea
99%
2014-15David de Gea
99%
2013-14David de Gea
99%
2012-13David de Gea
99%
2011-12David de Gea
99%
2021-22David de Gea
99%
2006-07Edwin van der Sar
94%
2005-06Edwin van der Sar
94%
2010-11Edwin van der Sar
94%
2007-08Edwin van der Sar
94%
2008-09Edwin van der Sar
94%
2009-10Edwin van der Sar
94%
1997-98Peter Schmeichel
88%
1991-92Peter Schmeichel
88%
1993-94Peter Schmeichel
88%
1994-95Peter Schmeichel
88%
1995-96Peter Schmeichel
88%
1996-97Peter Schmeichel
88%
1992-93Peter Schmeichel
88%
1998-99Peter Schmeichel
88%
2000-01Fabien Barthez
67%
2001-02Fabien Barthez
67%
2002-03Fabien Barthez
67%
2003-04Tim Howard
48%
1999-00Mark Bosnich
30%
2004-05Roy Carroll
30%
1970-71Alex Stepney
20%
1975-76Alex Stepney
20%
1973-74Alex Stepney
20%
1972-73Alex Stepney
20%
1971-72Alex Stepney
20%
1968-69Alex Stepney
20%
1969-70Alex Stepney
20%
1977-78Alex Stepney
20%
1967-68Alex Stepney
20%
1966-67Alex Stepney
20%
1976-77Alex Stepney
20%
1988-89Jim Leighton
18%
1989-90Jim Leighton
18%
1980-81Gary Bailey
16%
1978-79Gary Bailey
16%
1979-80Gary Bailey
16%
1981-82Gary Bailey
16%
1982-83Gary Bailey
16%
1983-84Gary Bailey
16%
1984-85Gary Bailey
16%
1985-86Gary Bailey
16%
1990-91Les Sealey
16%
1958-59Harry Gregg
14%
1960-61Harry Gregg
14%
1965-66Harry Gregg
14%
1959-60Harry Gregg
14%
1963-64Harry Gregg
14%
1962-63Harry Gregg
14%
1986-87Chris Turner
11%
1987-88Chris Turner
11%
1957-58Ray Wood
8%
1956-57Ray Wood
8%
1955-56Ray Wood
8%
1954-55Ray Wood
8%
1953-54Ray Wood
8%
1961-62David Gaskell
5%
1951-52Reg Allen
4%
1950-51Reg Allen
4%
1952-53Jack Crompton
3%
1964-65Pat Dunne
3%

Score Distribution

Percentile by Number Answered

Percent of People with Each Score

Your Score History

You have not taken this quiz since the last reset